00754cam a22002412a 450000100060000000300080000600500170001400800410003103500190007204000290009104100080012008200250012810000330015324500330018625000170021926000420023630000200027849000590029865000270035765000340038465000350041883000590045376802BD-RjUL20211209082906.0860101s1925 gw 000 0 eng d a(BD-RjUL)77026 aMdBJcOUNdOUNdEQObeng aeng 222bLEA 1945a813.521 aLewis, Sinclair,d1885-1951.10aArrowsmith /cSinclair Lewis aCopyright ed aLeipzig :bB. Tauchnitz,c1925 [1945] a464 p. ;c16 cm1 aCollection of British and American authors ;vno. 4694 a PhysiciansvFiction.  aMedicinevPracticex Fiction. aMedicine v ResearchxFiction. 0aCollection of British and American authors ;vno. 4694